Los almacenes generales de depósito y el desarrollo económico colombiano / (Registro nro. 6027)
[ vista simple ]
| 000 -LEADER | |
|---|---|
| fixed length control field | 00698nam a2200217Ia 4500 |
| 003 - CONTROL NUMBER IDENTIFIER | |
| control field | OSt |
| 005 - DATE AND TIME OF LATEST TRANSACTION | |
| control field | 20200908150710.0 |
| 008 - FIXED-LENGTH DATA ELEMENTS--GENERAL INFORMATION | |
| fixed length control field | 191128s1973 sc gr 000 0 spa d |
| 040 ## - CATALOGING SOURCE | |
| Original cataloging agency | CO-JMCR |
| Transcribing agency | CO-JMCR |
| 041 0# - LANGUAGE CODE | |
| Language code of text/sound track or separate title | spa |
| 082 04 - DEWEY DECIMAL CLASSIFICATION NUMBER | |
| Classification number | 380.106 / |
| Item number | W621a |
| Edition number | 23 |
| 100 1# - MAIN ENTRY--PERSONAL NAME | |
| Personal name | Wodak Cataño, Kurt, |
| Relator term | autor |
| 9 (RLIN) | 9966 |
| 245 14 - TITLE STATEMENT | |
| Title | Los almacenes generales de depósito y el desarrollo económico colombiano / |
| Statement of responsibility, etc. | Kurt Wodak Cataño |
| 250 ## - EDITION STATEMENT | |
| Edition statement | Segunda edición |
| 260 ## - PUBLICATION, DISTRIBUTION, ETC. | |
| Place of publication, distribution, etc. | Bogotá : |
| Name of publisher, distributor, etc. | [s.n], |
| Date of publication, distribution, etc. | 1973 |
| 300 ## - PHYSICAL DESCRIPTION | |
| Extent | 174 páginas ; |
| Dimensions | 24 cm. |
| 546 ## - LANGUAGE NOTE | |
| Language note | spa |
| 650 24 - SUBJECT ADDED ENTRY--TOPICAL TERM | |
| Topical term or geographic name entry element | Almacenes generales de depósito |
| General subdivision | Legislación |
| Geographic subdivision | Colombia. |
| 9 (RLIN) | 9967 |
| 650 24 - SUBJECT ADDED ENTRY--TOPICAL TERM | |
| Topical term or geographic name entry element | Política económica |
| Geographic subdivision | Colombia |
| 9 (RLIN) | 9968 |
| 942 ## - ADDED ENTRY ELEMENTS (KOHA) | |
| Source of classification or shelving scheme | Dewey Decimal Classification |
| Koha item type | Books |
| Withdrawn status | Lost status | Source of classification or shelving scheme | Damaged status | Not for loan | Home library | Current library | Shelving location | Date acquired | Source of acquisition | Full call number | Barcode | Date last seen | Copy number | Price effective from | Koha item type |
|---|---|---|---|---|---|---|---|---|---|---|---|---|---|---|---|
| Dewey Decimal Classification | Biblioteca Pública José María del Castillo y Rada | Biblioteca Pública José María del Castillo y Rada | General Stacks | 11/28/2019 | Donación | 380.106 / W621a | 201811606 | 05/16/2024 | Ej.1 | 11/28/2019 | Books |